000 00692nam a2200181Ia 4500
008 100920s9999 xx 000 0 und d
082 _b8951
_a891.43 थ 57
100 _aदीक्षति जगदीश आनंद.
245 _aअलीबाबा और चालीस चोर.
260 _bराजपाल एण्ड सन्स ,कश्मीरी गेट, दिल्ली.
_c1957
300 _a24
_bसाधी
365 _b0.75
520 _aहिंदी.
630 _aअलीबाबा और चालीस चोर.
650 _aहिंदी.
730 _aअलीबाबा और चालीस चोर.
942 _cBOOK
999 _c676095
_d676092